000 00911nam a22002177a 4500
005 20140915132123.0
008 140915b2011 gt |||||r|||| 00| 0 spa d
041 _aspa
044 _agt
082 _a333.7272
_bC74s
100 1 _aAriano, Daniel
_926970
245 1 3 _aEl sistema guatemalteco de áreas protegidas :
_bbase fundamental para el bienestar de la sociedad guatemalteca
_cDaniel Ariano y Luis Alvarado
260 _aGuatemala,
_bConsejo Nacional de Areas Protegidas - Conap
_c2011
300 _a360 p.
_bfot. (col)
_c30 cm. +
_e1 mapa CID-034383
500 _aIncluye mapa CID-034383, Sistema guatemalteco de áreas protegidas. Mapa de ecorregiones de Guatemala. Mapa de ríos y cuencas de Guatemala
546 _aAlgunos textos en inglés
650 4 _aAras protegidas
_zGuatemala
_926971
700 1 _aAlvarado, Daniel
_926972
700 1 _aAguilar, Alejandra
_etr.
_926973
942 _2ddc
_cLIBRO
999 _c8707
_d8707